01803nam a2200457 i 450000100060000000300080000600500170001400600190003100700150005000800410006502000180010603500230012403500240014703500250017103500210019604000310021705000210024808000070026908000080027608200180028424500930030226400650039530000530046033600310051333700330054433800430057750000230062058801240064359001590076765000330092665000380095965000420099765000480103965000400108765000540112765500270118170000390120879700190124785600620126699900170132897114FlNmELB20241217172639.0m o d | cr cnu||||||||160628s2011 mx o 001 0 spa d z9789681646882 a(MiAaPQ)EBC4508400 a(Au-PeEL)EBL4508400 a(CaPaEBR)ebr11205866 a(OCoLC)984773940 aFINmELBbspaerdacFINmELB 4aBR610bP418 2011 a27 a3220 a322.1097222303aEl pensamiento social de los católicos mexicanos /cRoberto J. Blancarte (compilador). 1aMéxico D.F. :bFCE - Fondo de Cultura Económica,c[2011] a1 recurso en línea (230 páginas sin numerar) atextobtxt2rdacontent/spa acomputadorabc2rdamedia/spa arecurso en líneabcr2rdacarrier/spa aContiene índice. aDescripción basada en recurso en línea; Título de la página del título en PDF (e-libro, visto June 28, 2016). aRecurso electronico. Santa Fe, Arg. : e-libro, 2016. Disponible via World Wide Web. El acceso puede ser limitado para las bibliotecas afiliadas a e-libro. 0aChristian sociologyzMexico. 4aSociología cristianazMéxico. 0aChristian sociologyxCatholic Church. 4aSociología cristianaxIglesia Católica. 0aChurch and social problemszMexico. 4aIglesia CatólicaxProblemas socialeszMéxico. 4aLibros electrónicos.1 aBlancarte, Roberto J,ecompilador.2 ae-libro, Corp.40uhttps://elibro.net/ereader/politecnicointernacional/71884 c97114d97114